| 000 | 00376 a2200157 4500 | ||
|---|---|---|---|
| 999 |
_c321303 _d321303 |
||
| 001 | 86230 | ||
| 003 | NUST | ||
| 005 | 20180122100325.0 | ||
| 008 | 180122b xxu||||| |||| 00| 0 eng d | ||
| 020 | _a9789693524703 | ||
| 082 | _a891.4393 QUR | ||
| 100 |
_aQurat Ul Ain _91394 |
||
| 245 |
_aAlpas Kay Geet _cQurat Ul Ain _hUrdu |
||
| 250 | _a1st | ||
| 260 |
_aLahore _bSang e Meel _c2012 |
||
| 300 | _a191p. | ||
| 500 | _aGeneral Collection | ||
| 942 |
_aCAE NUST _cBK _k891.4393 QUR _2ddc |
||